| 000 | 00759nam a2200265Ia 4500 | ||
|---|---|---|---|
| 008 | 180523s9999 xx 000 0 und d | ||
| 020 | _a981-254-528-X | ||
| 050 | _aMAIN HF 5718 | ||
| 050 | _b.W33 2005 c.2 | ||
| 100 | _aWachob, Phyllis. | ||
| 245 | 0 | _aPersuasive writing and speaking : | |
| 245 | 0 | _bcommunication fundamentals for business / | |
| 245 | 0 | _cPhyllis Wachob. | |
| 260 | _aSingapore : | ||
| 260 | _bThomson Learning, | ||
| 260 | _c2005 | ||
| 300 | _a108 pages : | ||
| 300 | _billustrations ; | ||
| 300 | _c24 cm. | ||
| 500 | _aIncludes bibliographical references. | ||
| 650 | _aBusiness presentations. | ||
| 650 | _aBusiness writing. | ||
| 650 | _xBusiness communication. | ||
| 650 | _xEnglish language -- Business English. | ||
| 999 |
_c357226 _d357226 |
||